Kliknij dzielnice Gdyni na mapie - Statystyki

Ogólne statystyki
  • Ten quiz został rozwiązany 92 razy
  • Średni wynik to 12 z 21
Odpowiedzi na mapie
Odpowiedzi zakodowano w zielono-czerwonej skali na mapie do tego quizu, zgodnie z poniższymi procentami.
 
Statystyki odpowiedzi
Odpowiedź % Poprawnych
Śródmieście
82%
Oksywie
74%
Redłowo
68%
Orłowo
66%
Babie Doły
63%
Chylonia
63%
Kamienna Góra
63%
Leszczynki
63%
Chwarzno-Wiczlino
61%
Cisowa
58%
Witomino
58%
Grabówek
55%
Pustki Cisowskie-Demptowo
53%
Mały Kack
50%
Pogórze
50%
Wzgórze św. Maksymiliana
50%
Dąbrowa
47%
Działki Leśne
47%
Obłuże
47%
Wielki Kack
45%
Karwiny
32%
Nie znaleziono quizów pasujących do podanych kryteriów
Rozkład punktacji
Procent ludzi z każdym wynikiem
Percentyl według liczby udzielonych odpowiedzi
Twoja historia wyników
Nie rozwiązałeś tego quizu